000 00442cam a2200169 a 4500
020 _a0948549661
040 _cDLC
082 0 0 _a629 P.CO 1996 A037 Or.
245 0 0 _aDictionary of automobile engineering /
260 _aTeddington, Middlesex :
_bP. Collin Pub.,
_c1996.
300 _a286 p. :
_bill. ;
_c20 cm.
650 0 _aAutomobiles
700 1 _aLivesey, Rupert.
700 1 _aSawers, Robin.
700 1 _aGreasby, Liz.
942 _cEK
999 _c11491
_d11491